000 00721nam a2200289Ia 4500
005 20260324115803.0
008 008 260324s9999 xx 000 0 eng d
020 _a9780429155314
037 _aEBOOK
040 _aCRL
040 _beng
040 _cCRL
041 _2eng
041 _aeng
084 _qCRL
100 _aDhruba Kumar Bhattacharyya; Jugal Kumar Kalita
_91156008
245 0 _aDDoS Attacks
245 0 _bEvolution, Detection, Prevention, Reaction, and Tolerance
260 _bTaylor and Francis
260 _c2016
365 _a
365 _b210
856 _uhttp://www.taylorfrancis.com/books/9780429155314
942 _cEBOOK
999 _c1747133
_d1747133